000 00747nam a2200217Ii 4500
003 JO-AjNU
008 230606s9999||||xx |||||||||||||| ||und||
020 _a978-1-491-93125-7
040 _aJO-AjNU
_beng
_erda
_cJO-AjNU
041 _aeng
050 1 4 _aTK5105.548.E34 2018
100 3 _aEdelman, Jason, Scott S. Lowe, Matt Oswalt ,
_eauthor
_96713
245 0 0 _aNetwork Programmability and Automation: Skills for the Next-Generation Network Engineer
250 _a1ed
264 3 1 _aUSA: Oreilly, 2018
300 _a559p
336 _atext
_btxt
_2rdacontent
337 _aunmediated
_bn
_2rdamedia
338 _avolume
_bnc
_2rdacarrier
650 4 _aNetwork Programmability - Automation- Network Engineer
_96714
999 _aE3487
_c3480
_d3480